[Event "Mauricie op"]
[Site "Trois Rivieres"]
[Date "2006.??.??"]
[Round "5"]
[White "Bachand Fleurent, Julien"]
[Black "Kraiouchkine, Nikita"]
[Result "0-1"]
[WhiteElo "2172"]
[BlackElo "2089"]
[PlyCount "48"]
[EventDate "2006.03.17"]
[EventType "swiss"]
[EventRounds "5"]
[EventCountry "CAN"]
[SourceTitle "EXT 2007"]
[Source "ChessBase"]
[SourceDate "2006.11.23"]
[SourceVersion "1"]
[SourceVersionDate "2006.11.23"]
[SourceQuality "1"]

1. e4 e5 2. Nf3 Nc6 3. d4 exd4 4. Bc4 Nf6 5. e5 Ne4 6. 0-0 Be7 7. Re1 d5 8. Bb5 0-0 9. Bxc6 bxc6 10. Nxd4 Qd7 11. f3 Ng5 12. h4 Ne6 13. Nf5 Bb4 14. c3 Ba5 15. Kh2 Ba6 16. Qc2 Nc5 17. Nd4 Nd3 18. Re3 c5 19. Nb3 Bb6 20. c4 Nb4 21. Qd1 Bxc4 22. N1d2 Bd3 23. a3 c4 24. Re1 Nc2 0-1

[Event "Mauricie op"]
[Site "Trois Rivieres"]
[Date "2006.??.??"]
[Round "?"]
[White "Forget, David"]
[Black "Bachand Fleurent, Julien"]
[Result "0-1"]
[WhiteElo "1969"]
[BlackElo "2174"]
[PlyCount "124"]
[EventDate "2006.03.17"]
[EventType "swiss"]
[EventRounds "5"]
[EventCountry "CAN"]
[SourceTitle "EXT 2007"]
[Source "ChessBase"]
[SourceDate "2006.11.23"]
[SourceVersion "1"]
[SourceVersionDate "2006.11.23"]
[SourceQuality "1"]

1. d4 d5 2. c4 c6 3. Nf3 e6 4. cxd5 cxd5 5. Nc3 Nf6 6. Bg5 Qb6 7. Qb3 Qxb3 8. axb3 Bb4 9. e3 Ne4 10. Rc1 Nc6 11. Bb5 Bd7 12. Bxc6 Bxc6 13. 0-0 Bxc3 14. bxc3 f6 15. Bf4 g5 16. Bg3 g4 17. Nh4 Nd2 18. Rfd1 Nxb3 19. Rb1 Na5 20. f3 gxf3 21. Nxf3 Nc4 22. Nd2 Nxe3 23. Re1 Nf5 24. Rxe6+ Kf7 25. Rbe1 Nxg3 26. Re7+ Kg6 27. hxg3 Rhe8 28. Nf3 Rxe7 29. Rxe7 Re8 30. Nh4+ Kh6 31. Rf7 a5 32. Rxf6+ Kg5 33. Rf1 Re2 34. Nf3+ Kh5 35. Ne5 Rc2 36. Rf5+ Kh6 37. Nxc6 bxc6 38. Rf6+ Kg5 39. Rxc6 Kf5 40. Rc5 Ke4 41. Rxa5 Rxc3 42. Ra7 Rxg3 43. Rxh7 Kxd4 44. Kf2 Rg5 45. Ke1 Rxg2 46. Kd1 Rg3 47. Rh2 Rd3+ 48. Kc2 Rg3 49. Kd2 Kc4 50. Rh4+ d4 51. Rh2 Ra3 52. Rh4 Ra2+ 53. Kd1 Kc3 54. Rh8 Ra1+ 55. Ke2 d3+ 56. Ke3 Re1+ 57. Kf2 Kd2 58. Rd8 Re7 59. Kf3 Rf7+ 60. Ke4 Ke2 61. Kd4 d2 62. Re8+ Kf2 0-1

[Event "Montreal Maitres-A"]
[Site "Montreal"]
[Date "2005.10.16"]
[Round "4"]
[White "Bachand Fleurent, Julien"]
[Black "McDonough, Jonathan"]
[Result "0-1"]
[WhiteElo "2244"]
[BlackElo "2192"]
[PlyCount "48"]
[EventDate "2005.10.14"]
[EventType "tourn"]
[EventRounds "5"]
[EventCountry "CAN"]
[SourceTitle "EXT 2009"]
[Source "ChessBase"]
[SourceDate "2008.11.26"]
[SourceVersion "1"]
[SourceVersionDate "2008.11.26"]
[SourceQuality "1"]

1. e4 e6 2. d4 d5 3. Nc3 Bb4 4. e5 c5 5. a3 Bxc3+ 6. bxc3 Ne7 7. Qg4 Qc7 8. Qxg7 Rg8 9. Qxh7 cxd4 10. Ne2 Nbc6 11. f4 Bd7 12. Qd3 dxc3 13. Qxc3 Nf5 14. g4 d4 15. Qd3 Nh4 16. Qh7 Nf3+ 17. Kf2 0-0-0 18. Qh3 Na5 19. Bg2 Qxc2 20. Bxf3 Nb3 21. Bd2 Bc6 22. Bxc6 Nxa1 23. Rc1 Qxd2 24. Qf3 d3 0-1

[Event "Montreal Maitres-A"]
[Site "Montreal"]
[Date "2005.10.15"]
[Round "2"]
[White "Bachand Fleurent, Julien"]
[Black "Larochelle, Martial"]
[Result "0-1"]
[WhiteElo "2244"]
[BlackElo "2143"]
[PlyCount "106"]
[EventDate "2005.10.14"]
[EventType "tourn"]
[EventRounds "5"]
[EventCountry "CAN"]
[SourceTitle "EXT 2009"]
[Source "ChessBase"]
[SourceDate "2008.11.26"]
[SourceVersion "1"]
[SourceVersionDate "2008.11.26"]
[SourceQuality "1"]

1. e4 c5 2. Nc3 Nc6 3. g3 g6 4. Bg2 Bg7 5. d3 d6 6. Be3 e5 7. Qd2 Nge7 8. Bh6 0-0 9. h4 Bxh6 10. Qxh6 f6 11. Qd2 Nd4 12. Nd1 d5 13. c3 Ne6 14. Ne3 d4 15. Nd5 Nxd5 16. exd5 Nc7 17. c4 Ne8 18. Nh3 Nd6 19. 0-0 Bf5 20. f3 Bxh3 21. Bxh3 Nf5 22. Bxf5 gxf5 23. b4 cxb4 24. Qxb4 Qd7 25. Rab1 Rab8 26. Qb5 Qg7 27. Kh2 Kh8 28. c5 Rg8 29. Rg1 Qh6 30. c6 f4 31. c7 fxg3+ 32. Kh3 Rbc8 33. Qxb7 Qd2 34. Rb2 Qxd3 35. d6 Qf5+ 36. Kg2 Qe6 37. Qc6 f5 38. Rc1 e4 39. fxe4 f4 40. Rb3 Qh6 41. Rf3 Qxh4 42. Rh1 Qf6 43. Qd7 h6 44. Rc1 d3 45. Qb5 d2 46. Rh1 Qxd6 47. Rd3 f3+ 48. Kxf3 Rcf8+ 49. Ke2 Rf2+ 50. Kd1 Qf6 51. e5 g2 52. Rg1 Qf4 53. Qb3 Qg4+ 0-1

[Event "Montreal Maitres-A"]
[Site "Montreal"]
[Date "2005.10.14"]
[Round "1"]
[White "Bachand Fleurent, Julien"]
[Black "Masse, Hugues"]
[Result "0-1"]
[WhiteElo "2244"]
[BlackElo "2213"]
[PlyCount "50"]
[EventDate "2005.10.14"]
[EventType "tourn"]
[EventRounds "5"]
[EventCountry "CAN"]
[SourceTitle "EXT 2009"]
[Source "ChessBase"]
[SourceDate "2008.11.26"]
[SourceVersion "1"]
[SourceVersionDate "2008.11.26"]
[SourceQuality "1"]

1. e4 e5 2. Nf3 Nc6 3. d4 exd4 4. Bc4 Nf6 5. e5 d5 6. Bb5 Ne4 7. Nxd4 Bd7 8. Bxc6 bxc6 9. 0-0 Bc5 10. Be3 0-0 11. f3 Ng5 12. c3 Bb6 13. Qd2 Ne6 14. f4 Nc5 15. b4 Ne4 16. Qd3 c5 17. bxc5 Nxc5 18. Qc2 f6 19. Nd2 fxe5 20. fxe5 Qe7 21. Bf4 Be8 22. Rf3 Bg6 23. Qc1 Bh5 24. Qf1 Bxf3 25. Qxf3 Ne6 0-1

[Event "Mauricie op"]
[Site "Trois Rivieres"]
[Date "2005.03.19"]
[Round "2"]
[White "Plante, Rejean"]
[Black "Bachand Fleurent, Julien"]
[Result "0-1"]
[WhiteElo "2100"]
[BlackElo "2209"]
[PlyCount "102"]
[EventDate "2005.03.??"]
[EventType "swiss"]
[EventRounds "5"]
[EventCountry "CAN"]
[SourceTitle "EXT 2006"]
[Source "ChessBase"]
[SourceDate "2005.11.24"]
[SourceVersion "1"]
[SourceVersionDate "2005.11.24"]
[SourceQuality "1"]

1. d4 d5 2. c4 c6 3. e3 Nf6 4. Nc3 e6 5. Nf3 Nbd7 6. Qc2 Bd6 7. cxd5 cxd5 8. Bd2 a6 9. Bd3 0-0 10. 0-0 Re8 11. Rfe1 e5 12. dxe5 Nxe5 13. Be2 Bg4 14. Nd4 Bxe2 15. Ndxe2 Rc8 16. Nd4 b5 17. a3 Nc4 18. g3 Ne4 19. Nxe4 dxe4 20. Bc3 Qg5 21. Qe2 Ne5 22. Red1 Bc5 23. Nb3 Nf3+ 24. Kg2 Qg4 25. Rd2 Qe6 26. Qd1 Ng5 27. Qh5 f6 28. Nd4 Bxd4 29. Rxd4 g6 30. Qh6 Nf3 31. Rad1 Nxd4 32. Rxd4 Red8 33. Qf4 Rxd4 34. Bxd4 Kg7 35. Bc3 h6 36. h4 Rc5 37. Qb8 Rd5 38. Bb4 Qf7 39. Qb6 g5 40. hxg5 fxg5 41. Bc3+ Kh7 42. Qf6 Qxf6 43. Bxf6 Kg6 44. Bc3 Kf5 45. Bd4 g4 46. Kf1 Ke6 47. Ke2 Rh5 48. Bb6 Kd5 49. Kd2 Kc4 50. Kc2 Rf5 51. b3+ Kd5 0-1

[Event "Quebec op"]
[Site "Montreal"]
[Date "2004.07.24"]
[Round "8"]
[White "Rosen, Matthew"]
[Black "Bachand Fleurent, Julien"]
[Result "1-0"]
[WhiteElo "2201"]
[BlackElo "2075"]
[PlyCount "57"]
[EventDate "2004.07.17"]
[EventType "swiss"]
[EventRounds "9"]
[EventCountry "CAN"]
[SourceTitle "CBM 101 Extra"]
[Source "ChessBase"]
[SourceDate "2004.09.01"]
[SourceVersion "2"]
[SourceVersionDate "2004.09.01"]
[SourceQuality "1"]

1. Nf3 d5 2. c4 c6 3. b3 Nf6 4. Bb2 g6 5. d4 Bg7 6. e3 0-0 7. Bd3 b6 8. Ne5 Bb7 9. Nd2 Nbd7 10. f4 Rc8 11. 0-0 e6 12. Qf3 c5 13. Rad1 Qc7 14. Qh3 Rfd8 15. Ndf3 dxc4 16. Bxc4 Nxe5 17. fxe5 Ne4 18. Qh4 h6 19. Bd3 Qc6 20. d5 exd5 21. Bxe4 g5 22. Bh7+ Kxh7 23. Nxg5+ Kg8 24. Nxf7 Rd7 25. Qg4 d4 26. e6 Re7 27. Nxh6+ Kh7 28. Nf5 Qxe6 29. Qh5+ 1-0

[Event "Quebec Intercollegial-ch"]
[Site "Montreal"]
[Date "2004.04.03"]
[Round "3"]
[White "Laframboise, Marc Andre"]
[Black "Bachand Fleurent, Julien"]
[Result "0-1"]
[WhiteElo "2129"]
[BlackElo "2097"]
[PlyCount "100"]
[EventDate "2004.04.??"]
[EventType "swiss"]
[EventRounds "5"]
[EventCountry "CAN"]
[SourceTitle "EXT 2005"]
[Source "ChessBase"]
[SourceDate "2004.11.15"]
[SourceVersion "1"]
[SourceVersionDate "2004.11.15"]
[SourceQuality "1"]

1. d4 d5 2. c4 c6 3. Nc3 e6 4. Nf3 dxc4 5. a4 Bb4 6. e3 b5 7. Bd2 Bb7 8. b3 a5 9. axb5 Bxc3 10. Bxc3 cxb5 11. bxc4 b4 12. Bd2 Nf6 13. Bd3 Ne4 14. 0-0 0-0 15. Qc2 f5 16. Rfb1 g5 17. h3 h5 18. d5 exd5 19. Nd4 Qd7 20. Rd1 Nc6 21. Nf3 Qe7 22. cxd5 Ne5 23. Bxe4 fxe4 24. Qxe4 Nxf3+ 25. gxf3 Qd6 26. f4 gxf4 27. exf4 Bxd5 28. Bxb4 axb4 29. Rxa8 Bxe4 30. Rxd6 Bxa8 31. Rb6 Kf7 32. Rxb4 Rg8+ 33. Kf1 Bg2+ 34. Ke2 Re8+ 35. Kd3 Bxh3 36. Rb6 Bf1+ 37. Kd4 h4 38. Rh6 h3 39. f5 Kg7 40. Rg6+ Kh7 41. Rg4 Kh6 42. f4 Kh5 43. Rg5+ Kh4 44. f6 h2 45. Rg7 Bh3 46. f7 Rd8+ 47. Ke5 h1Q 48. Rh7+ Kg3 49. Rg7+ Kf2 50. Rg8 Qd5+ 0-1

[Event "Montreal Futurity 5th"]
[Site "Montreal"]
[Date "2004.01.05"]
[Round "9"]
[White "Bachand Fleurent, Julien"]
[Black "Prahov, Valentin Asenov"]
[Result "1/2-1/2"]
[WhiteElo "2057"]
[BlackElo "2219"]
[PlyCount "91"]
[EventDate "2003.12.26"]
[EventType "schev"]
[EventRounds "10"]
[EventCountry "CAN"]
[SourceTitle "CBM 098 Extra"]
[Source "ChessBase"]
[SourceDate "2004.03.10"]
[SourceVersion "2"]
[SourceVersionDate "2004.03.10"]
[SourceQuality "1"]

1. e4 c5 2. Nc3 Nc6 3. g3 g6 4. Bg2 Bg7 5. d3 d6 6. Be3 Rb8 7. Qd2 b5 8. Nge2 b4 9. Nd1 Nd4 10. 0-0 h5 11. h3 e6 12. Nc1 Ne7 13. Kh1 Bd7 14. c3 bxc3 15. bxc3 Ndc6 16. f4 Qa5 17. Ne2 0-0 18. Nb2 d5 19. e5 d4 20. Bf2 dxc3 21. Nxc3 Nd5 22. Rfc1 Nxc3 23. Rxc3 Nxe5 24. d4 Nc6 25. Nc4 Qa4 26. Ne5 Nxd4 27. Rxc5 Bxe5 28. Rxe5 Nb3 29. axb3 Qxa1+ 30. Re1 Qa3 31. Qxd7 Rxb3 32. Kh2 a5 33. Qc7 Qb2 34. Bc5 Qc3 35. Re3 Qxe3 36. Bxe3 Rxe3 37. Qxa5 Rc8 38. Qd2 Rcc3 39. Qf2 Red3 40. Be4 Re3 41. Bg2 Red3 42. g4 h4 43. Qxh4 Rd2 44. Kg1 Rc1+ 45. Kh2 Rcc2 46. Qg3 1/2-1/2

[Event "Montreal Futurity 5th"]
[Site "Montreal"]
[Date "2003.12.29"]
[Round "4"]
[White "Prahov, Valentin Asenov"]
[Black "Bachand Fleurent, Julien"]
[Result "1-0"]
[WhiteElo "2219"]
[BlackElo "2057"]
[PlyCount "87"]
[EventDate "2003.12.26"]
[EventType "schev"]
[EventRounds "10"]
[EventCountry "CAN"]
[SourceTitle "CBM 098 Extra"]
[Source "ChessBase"]
[SourceDate "2004.03.10"]
[SourceVersion "2"]
[SourceVersionDate "2004.03.10"]
[SourceQuality "1"]

1. e4 e6 2. d4 d5 3. e5 c5 4. c3 Nc6 5. Nf3 Bd7 6. a3 f6 7. Bd3 fxe5 8. Nxe5 Nxe5 9. dxe5 g6 10. 0-0 Bg7 11. Qe2 Qc7 12. f4 Ne7 13. Be3 0-0-0 14. b4 c4 15. Bc2 b6 16. a4 g5 17. a5 gxf4 18. axb6 axb6 19. Bxf4 Nc6 20. Re1 Rdf8 21. Bg3 h5 22. h3 h4 23. Bh2 b5 24. Qe3 d4 25. cxd4 Qb6 26. Be4 Nxb4 27. Qa3 Bc6 28. Bxc6 Nxc6 29. Kh1 Rd8 30. Nd2 Bf8 31. Qf3 Bb4 32. Red1 Rhf8 33. Qg4 Nxd4 34. Bg1 Rg8 35. Qe4 Qb7 36. Bxd4 Rxd4 37. Ra8+ Kc7 38. Qh7+ Rd7 39. Qxg8 c3 40. Ra2 cxd2 41. Rc2+ Kb6 42. Qxe6+ Ka7 43. Ra1+ Kb8 44. Qe8+ 1-0

[Event "Le Bolduc-B 2nd"]
[Site "Montreal"]
[Date "2003.10.20"]
[Round "9"]
[White "Bachand Fleurent, Julien"]
[Black "Gagnon, Michel"]
[Result "1/2-1/2"]
[WhiteElo "2057"]
[BlackElo "2033"]
[PlyCount "79"]
[EventDate "2003.09.??"]
[EventType "tourn"]
[EventRounds "11"]
[EventCountry "CAN"]
[SourceTitle "EXT 2006"]
[Source "ChessBase"]
[SourceDate "2005.11.24"]
[SourceVersion "1"]
[SourceVersionDate "2005.11.24"]
[SourceQuality "1"]

1. e4 c5 2. Nc3 d6 3. g3 Nc6 4. Bg2 g6 5. d3 Bg7 6. Be3 Nh6 7. h3 f5 8. Qd2 Nf7 9. Nge2 Nd4 10. 0-0 0-0 11. f4 Rb8 12. Nd1 b6 13. c3 Nxe2+ 14. Qxe2 Qd7 15. Kh2 Ba6 16. Nf2 e6 17. exf5 exf5 18. Bd5 Bb7 19. Qf3 Bxd5 20. Qxd5 Qb7 21. Qxb7 Rxb7 22. Rfe1 Re8 23. Kg2 d5 24. Bd2 Rxe1 25. Rxe1 Nd6 26. Kf3 Kf7 27. Bc1 d4 28. c4 Bf6 29. b3 Nc8 30. Re2 Ne7 31. g4 Nc6 32. Bd2 Bh4 33. Nh1 a5 34. a4 Rb8 35. Ng3 Bxg3 36. Kxg3 Ne7 37. g5 Nc6 38. h4 Re8 39. Rxe8 Kxe8 40. Kf3 1/2-1/2

[Event "Le Bolduc-B 2nd"]
[Site "Montreal"]
[Date "2003.10.01"]
[Round "4"]
[White "Bachand Fleurent, Julien"]
[Black "Rousseau, Daniel"]
[Result "0-1"]
[WhiteElo "2057"]
[BlackElo "2044"]
[PlyCount "71"]
[EventDate "2003.09.??"]
[EventType "tourn"]
[EventRounds "11"]
[EventCountry "CAN"]
[SourceTitle "EXT 2006"]
[Source "ChessBase"]
[SourceDate "2005.11.24"]
[SourceVersion "1"]
[SourceVersionDate "2005.11.24"]
[SourceQuality "1"]

1. e4 Nf6 2. e5 Nd5 3. c4 Nb6 4. d4 d6 5. f4 dxe5 6. fxe5 c5 7. d5 e6 8. Nc3 exd5 9. cxd5 c4 10. Bf4 Bb4 11. d6 0-0 12. Be2 f6 13. Bxc4+ Kh8 14. Bd3 Qe8 15. Qe2 fxe5 16. Bxe5 Nc6 17. Bg3 Qf7 18. 0-0-0 Bxc3 19. bxc3 Be6 20. Nf3 Bxa2 21. Ne5 Qb3 22. Qc2 Qa3+ 23. Qb2 Qa5 24. Nxc6 bxc6 25. Qb4 Qg5+ 26. Kb2 Bf7 27. Qe4 Bg6 28. Qxc6 Rac8 29. Qb5 Rc5 30. Qb3 Bxd3 31. Rxd3 Rb5 32. Re1 Nc4+ 33. Kc2 Rxb3 34. Kxb3 Qb5+ 35. Kc2 Qb2+ 36. Kd1 0-1

[Event "Quebec op"]
[Site "Montreal"]
[Date "2003.07.23"]
[Round "8"]
[White "Roussel Roozmon, Thomas"]
[Black "Bachand Fleurent, Julien"]
[Result "1-0"]
[WhiteElo "2249"]
[BlackElo "2057"]
[PlyCount "63"]
[EventDate "2003.07.19"]
[EventType "swiss"]
[EventRounds "9"]
[EventCountry "CAN"]
[SourceTitle "CBM 095 Extra"]
[Source "ChessBase"]
[SourceDate "2003.09.04"]
[SourceVersion "1"]
[SourceVersionDate "2003.09.04"]
[SourceQuality "1"]

1. d4 d5 2. c4 c6 3. Nf3 e6 4. e3 Nf6 5. Nc3 Nbd7 6. Bd3 Be7 7. 0-0 dxc4 8. Bxc4 Nb6 9. Bd3 Nbd5 10. e4 Nb4 11. Be2 c5 12. a3 cxd4 13. Nxd4 Nc6 14. Nxc6 Qxd1 15. Rxd1 bxc6 16. Be3 0-0 17. f3 a5 18. Na4 Ba6 19. Bxa6 Rxa6 20. Rdc1 Nd7 21. Rc2 f5 22. Rd1 Nf6 23. exf5 Nd5 24. Bc5 exf5 25. Rxd5 cxd5 26. Bxe7 Re8 27. Bc5 Rc6 28. Rd2 Rd8 29. Bb6 Re8 30. Bxa5 d4 31. Rxd4 Rc2 32. Bc3 1-0

[Event "Quebec op"]
[Site "Montreal"]
[Date "2003.07.21"]
[Round "5"]
[White "Bachand Fleurent, Julien"]
[Black "Schleifer, Michael"]
[Result "1-0"]
[WhiteElo "2057"]
[BlackElo "2356"]
[PlyCount "91"]
[EventDate "2003.07.19"]
[EventType "swiss"]
[EventRounds "9"]
[EventCountry "CAN"]
[SourceTitle "CBM 095 Extra"]
[Source "ChessBase"]
[SourceDate "2003.09.04"]
[SourceVersion "1"]
[SourceVersionDate "2003.09.04"]
[SourceQuality "1"]

1. e4 c5 2. Nc3 Nc6 3. g3 g6 4. Bg2 Bg7 5. d3 d6 6. Be3 e5 7. Qd2 Nd4 8. Nd5 Nf6 9. Nxf6+ Bxf6 10. c3 Nc6 11. Ne2 Be6 12. 0-0 Qd7 13. f4 Bg7 14. d4 cxd4 15. cxd4 Bc4 16. d5 Nd4 17. Bxd4 exd4 18. Rfc1 Bxe2 19. Qxe2 0-0 20. Rc2 Qa4 21. b3 Qd7 22. Rac1 Rac8 23. Rc4 b6 24. h4 Rc5 25. Kh2 Re8 26. Qd3 f5 27. e5 dxe5 28. fxe5 Rxc4 29. Qxc4 Rxe5 30. d6+ Kf8 31. Qc8+ Qxc8 32. Rxc8+ Kf7 33. d7 Bf6 34. d8Q Bxd8 35. Rxd8 Re2 36. a4 Rd2 37. Kg1 Ke7 38. Rh8 d3 39. Rxh7+ Ke6 40. Bf1 Rd1 41. Kf2 d2 42. Bc4+ Ke5 43. Ke2 Rg1 44. Kxd2 Rxg3 45. Rxa7 Rh3 46. Rg7 1-0

[Event "Mauricie-ch"]
[Site "Shawinigan"]
[Date "2003.03.21"]
[Round "2"]
[White "Bachand Fleurent, Julien"]
[Black "Chabot, Roland"]
[Result "1/2-1/2"]
[WhiteElo "2035"]
[BlackElo "2294"]
[PlyCount "35"]
[EventDate "2003.03.21"]
[EventType "swiss"]
[EventRounds "5"]
[EventCountry "CAN"]
[SourceTitle "EXT 2022"]
[Source "ChessBase"]
[SourceDate "2021.10.06"]
[SourceVersion "1"]
[SourceVersionDate "2021.10.06"]
[SourceQuality "1"]

1. e4 c5 2. Nc3 Nc6 3. g3 g6 4. Bg2 Bg7 5. d3 d6 6. Be3 e6 7. Qd2 Nd4 8. Nd1 Rb8 9. c3 Nc6 10. Ne2 b6 11. f4 Nge7 12. 0-0 f5 13. Bf2 Bb7 14. Ne3 0-0 15. Rad1 Qd7 16. Rfe1 d5 17. e5 a5 18. Nc2 1/2-1/2

[Event "Mauricie-ch"]
[Site "Shawinigan"]
[Date "2003.03.21"]
[Round "1"]
[White "Fortier, Marc Andre"]
[Black "Bachand Fleurent, Julien"]
[Result "0-1"]
[WhiteElo "2231"]
[BlackElo "2035"]
[PlyCount "54"]
[EventDate "2003.03.21"]
[EventType "swiss"]
[EventRounds "5"]
[EventCountry "CAN"]
[SourceTitle "EXT 2022"]
[Source "ChessBase"]
[SourceDate "2021.10.06"]
[SourceVersion "1"]
[SourceVersionDate "2021.10.06"]
[SourceQuality "1"]

1. e4 e6 2. f4 d5 3. e5 c5 4. Nf3 Nc6 5. c3 Bd7 6. Na3 Qb6 7. b3 f6 8. Bb2 fxe5 9. fxe5 Nh6 10. Bd3 Be7 11. Qc2 g6 12. Bxg6+ hxg6 13. Qxg6+ Nf7 14. Rf1 Rf8 15. 0-0-0 0-0-0 16. Rfe1 Nh8 17. Qh6 Rg8 18. g3 Rdf8 19. Qe3 Rf5 20. Rf1 Nf7 21. Nc2 Qa6 22. Kb1 Nfxe5 23. d4 Bg5 24. Nxg5 Rxf1 25. Ne1 Nd3 26. Nxd3 Rxd1+ 27. Kc2 Qxd3+ 0-1

[Event "CAN-ch U18"]
[Site "Shawinigan"]
[Date "2003.??.??"]
[Round "7"]
[White "Bachand Fleurent, Julien"]
[Black "Ramaswamy, Kishor"]
[Result "1/2-1/2"]
[WhiteElo "2057"]
[BlackElo "2067"]
[PlyCount "57"]
[EventDate "2003.??.??"]
[EventType "swiss"]
[EventRounds "7"]
[EventCountry "CAN"]
[SourceTitle "EXT 2005"]
[Source "ChessBase"]
[SourceDate "2004.11.15"]
[SourceVersion "1"]
[SourceVersionDate "2004.11.15"]
[SourceQuality "1"]

1. e4 c6 2. d4 d5 3. Nc3 dxe4 4. Nxe4 Bf5 5. Ng3 Bg6 6. f4 e6 7. h4 h6 8. h5 Bh7 9. Nf3 Nd7 10. Bd3 Bxd3 11. Qxd3 Qc7 12. Bd2 Ngf6 13. 0-0 0-0-0 14. c3 Bd6 15. Ne5 Nxe5 16. fxe5 Bxe5 17. Ne4 Nxh5 18. Qf3 Nf6 19. dxe5 Nxe4 20. Qxe4 Rxd2 21. Qe3 Rxb2 22. Qxa7 Qxe5 23. Rxf7 Rd8 24. Raf1 Qg3 25. Qa8+ Qb8 26. Qa3 Rbd2 27. Rxg7 Qe5 28. Qa8+ Qb8 29. Qa3 1/2-1/2

[Event "Quebec-ch U18"]
[Site "Montreal"]
[Date "2002.??.??"]
[Round "3"]
[White "Lawson, Eric"]
[Black "Bachand Fleurent, Julien"]
[Result "1-0"]
[WhiteElo "2170"]
[BlackElo "2061"]
[PlyCount "48"]
[EventDate "2001.03.08"]
[EventType "tourn"]
[EventRounds "4"]
[EventCountry "CAN"]
[SourceTitle "EXT 2002"]
[Source "ChessBase"]
[SourceDate "2001.11.25"]
[SourceVersion "1"]
[SourceVersionDate "2001.11.25"]
[SourceQuality "1"]

1. e4 e6 2. d4 d5 3. Nd2 Nf6 4. e5 Nfd7 5. f4 c5 6. c3 b6 7. Ndf3 Ba6 8. Bxa6 Nxa6 9. Nh3 b5 10. 0-0 Nb6 11. Qd3 Qd7 12. Be3 Nc4 13. Rf2 Rb8 14. Kh1 Be7 15. a3 Nxe3 16. Qxe3 cxd4 17. Nxd4 Nc5 18. f5 Ne4 19. Rf4 g6 20. fxe6 fxe6 21. Raf1 Ng5 22. R4f2 Nxh3 23. Qxh3 Rf8 24. Qxh7 g5 1-0

[Event "Laval op 18th"]
[Site "Laval"]
[Date "2001.04.22"]
[Round "5"]
[White "Robichaud, Louis"]
[Black "Bachand Fleurent, Julien"]
[Result "1-0"]
[WhiteElo "2140"]
[BlackElo "2128"]
[PlyCount "93"]
[EventDate "2001.04.20"]
[EventType "swiss"]
[EventRounds "5"]
[EventCountry "CAN"]
[SourceTitle "EXT 2022"]
[Source "ChessBase"]
[SourceDate "2021.10.06"]
[SourceVersion "1"]
[SourceVersionDate "2021.10.06"]
[SourceQuality "1"]

1. e4 e6 2. d3 d5 3. Nd2 g6 4. Ngf3 Bg7 5. g3 b6 6. Bg2 Bb7 7. 0-0 Ne7 8. Re1 0-0 9. e5 c5 10. Nf1 d4 11. h4 Nd7 12. N1h2 Qc7 13. Qe2 Rab8 14. c4 dxc3 15. bxc3 b5 16. Bg5 Nc8 17. c4 b4 18. Qe3 a5 19. Bh6 Ne7 20. Bh3 Qc6 21. Bxg7 Kxg7 22. Qg5 Rfe8 23. Re4 Qa4 24. Ree1 Qc2 25. Qd2 Qxd2 26. Nxd2 Nc6 27. f4 Nd4 28. Rac1 a4 29. Bg2 Red8 30. Bxb7 Rxb7 31. Ne4 Rc7 32. Kf2 Nb6 33. Nd6 Nc8 34. Ne4 Rc6 35. Red1 Rd7 36. Nf3 Nf5 37. g4 Nfe7 38. d4 cxd4 39. Nxd4 Rcc7 40. Nf6 Rd8 41. Nxe6+ fxe6 42. Rxd8 Rb7 43. Rb1 b3 44. axb3 axb3 45. Rd3 b2 46. Rd2 Rb4 47. Rc2 1-0

[Event "Creon op 6th"]
[Site "Creon"]
[Date "2001.??.??"]
[Round "5"]
[White "Bachand Fleurent, Julien"]
[Black "Djingarova, Emilia"]
[Result "1/2-1/2"]
[WhiteElo "2061"]
[BlackElo "2235"]
[PlyCount "98"]
[EventDate "2001.??.??"]
[EventType "swiss"]
[EventRounds "9"]
[EventCountry "FRA"]
[SourceTitle "EXT 2002"]
[Source "ChessBase"]
[SourceDate "2001.11.25"]
[SourceVersion "1"]
[SourceVersionDate "2001.11.25"]
[SourceQuality "1"]

1. e4 c5 2. Nc3 Nc6 3. g3 g6 4. Bg2 Bg7 5. d3 d6 6. Be3 e5 7. Qd2 Nd4 8. Nd1 b5 9. c3 Nc6 10. f4 Nge7 11. Nf3 exf4 12. Bxf4 0-0 13. 0-0 d5 14. exd5 Nxd5 15. Bh6 Rb8 16. Bxg7 Kxg7 17. d4 cxd4 18. Nxd4 Nce7 19. Ne3 Bb7 20. Rad1 Qb6 21. Ng4 f5 22. Ne5 Nf6 23. Rde1 Bxg2 24. Qxg2 Rbe8 25. Kh1 Ned5 26. Nd7 Nxd7 27. Qxd5 Nc5 28. Rxe8 Rxe8 29. b4 Qb7 30. Qxb7+ Nxb7 31. Nxb5 a6 32. Nc7 Rc8 33. Nxa6 Rc6 34. Rd1 Rxa6 35. Rd7+ Kf6 36. Rxb7 Rxa2 37. Rxh7 Ke5 38. Re7+ Kd5 39. Re3 g5 40. h4 f4 41. gxf4 gxf4 42. Re7 Rc2 43. Rc7 Ke4 44. h5 f3 45. Kg1 Rg2+ 46. Kf1 Rh2 47. Re7+ Kf4 48. Rg7 Ke3 49. Re7+ Kf4 1/2-1/2

[Event "Montreal op"]
[Site "Montreal"]
[Date "2001.??.??"]
[Round "2"]
[White "Bachand Fleurent, Julien"]
[Black "Morin, Yves"]
[Result "1-0"]
[WhiteElo "2010"]
[BlackElo "2247"]
[PlyCount "131"]
[EventDate "2001.??.??"]
[EventType "swiss"]
[EventRounds "6"]
[EventCountry "CAN"]
[SourceTitle "EXT 2003"]
[Source "ChessBase"]
[SourceDate "2002.11.25"]
[SourceVersion "1"]
[SourceVersionDate "2002.11.25"]
[SourceQuality "1"]

1. e4 e6 2. d4 d5 3. Nc3 Bb4 4. e5 c5 5. a3 Bxc3+ 6. bxc3 Ne7 7. Qg4 Nf5 8. Bd3 h5 9. Qg5 Qxg5 10. Bxg5 cxd4 11. Bxf5 exf5 12. cxd4 Nc6 13. Ne2 Be6 14. Bd2 Rc8 15. 0-0 Ne7 16. Rfc1 Rc4 17. Rab1 b6 18. Rb4 Kd7 19. Rxc4 dxc4 20. Nf4 Nd5 21. Nxd5 Bxd5 22. f3 Rc8 23. c3 Rg8 24. h4 Kc6 25. Rb1 Re8 26. Kf2 Re6 27. Bg5 Re8 28. Kg3 Kd7 29. Kf2 Rb8 30. Ke2 Ke6 31. Rb4 Rg8 32. Kf2 Rb8 33. Ke1 Kd7 34. Kd2 Rb7 35. Ke3 Kc6 36. Kd2 Rd7 37. Rb1 Be6 38. Kc1 Rd5 39. Be7 Rd7 40. Bg5 Rb7 41. Kd2 Rb8 42. Kc1 Rg8 43. Rb2 Bd5 44. Be7 Kd7 45. Bg5 Ke6 46. Re2 Bc6 47. Re1 Ba4 48. Bf4 Rd8 49. Re2 Rd5 50. Kb1 Rb5+ 51. Rb2 Bb3 52. Bc1 Ra5 53. Rf2 b5 54. Kb2 Kd5 55. Rf1 Ra6 56. Be3 Rg6 57. Rg1 a5 58. Bg5 Ra6 59. Ra1 Rg6 60. Rg1 Rb6 61. Bd8 Ra6 62. Ra1 Ra8 63. Be7 Re8 64. Bg5 f6 65. Bf4 Rg8 66. Re1 1-0